Population (2015 est.) | Place |
66,881 | Portland | | 96.7% | 36,202 | Lewiston | | 92.2% | 25,556 | South Portland | | 88.9% | 22,871 | Auburn | | 87.8% | 12,862 | York | | 87.8% | 19,078 | Saco | | 83.3% | 11,209 | Kennebunk | | 80% | 17,978 | Westbrook | | 76.7% | 7,714 | Cumberland | | 76.7% | 3,567 | Kennebunkport | | 76.7% | 21,282 | Biddeford | | 75.6% | 19,691 | Scarborough | | 75.6% | 8,305 | Bath | | 75.6% | 17,181 | Gorham | | 73.3% | 9,653 | Kittery | | 73.3% | 11,988 | Falmouth | | 72.2% | 20,495 | Brunswick | | 71.1% | 8,776 | Old Orchard Beach | | 71.1% | 8,543 | Yarmouth | | 70% | 20,893 | Sanford | | 67.8% | 9,304 | Cape Elizabeth | | 66.7% | 17,816 | Windham | | 65.6% | 8,751 | Topsham | | 63.3% | 7,514 | Berwick | | 63.3% | 5,679 | New Gloucester | | 63.3% | 10,073 | Wells | | 61.1% | 8,316 | Freeport | | 61.1% |
|
Population (2015 est.) | Place |
10,139 | Standish | | 60% | 4,656 | North Berwick | | 60% | 8,853 | Lisbon | | 58.9% | 8,044 | Gray | | 57.8% | 6,335 | Eliot | | 56.7% | 8,149 | Buxton | | 55.6% | 3,920 | Durham | | 55.6% | 5,523 | Poland | | 54.4% | 7,415 | South Berwick | | 53.3% | 5,748 | Turner | | 52.2% | 912 | Ogunquit | | 51.1% | 5,372 | Bridgton | | 50% | 3,976 | Naples | | 50% | 2,804 | Harrison | | 50% | 3,880 | Casco | | 48.9% | 3,740 | North Yarmouth | | 48.9% | 4,167 | Arundel | | 47.8% | 3,108 | Bowdoin | | 47.8% | 7,774 | Waterboro | | 46.7% | 5,011 | Sabattus | | 46.7% | 4,526 | Raymond | | 46.7% | 3,055 | Alfred | | 46.7% | 2,915 | Bowdoinham | | 46.7% | 5 | Frye Island | | 46.7% | 2,997 | Mechanic Falls | | 45.6% | 4,872 | Harpswell | | 43.3% | 3,396 | Richmond | | 42.2% |
|
Population (2015 est.) | Place |
349 | Chebeague Island | | 42.2% | 238 | Long Island | | 42.2% | 6,120 | Lebanon | | 41.1% | 4,356 | Greene | | 41.1% | 3,752 | Limington | | 41.1% | 2,108 | Livermore | | 41.1% | 2,014 | Dayton | | 41.1% | 3,129 | Livermore Falls | | 40% | 2,561 | Acton | | 40% | 1,893 | West Bath | | 40% | 1,412 | Cornish | | 40% | 4,454 | Hollis | | 38.9% | 2,586 | Minot | | 38.9% | 1,522 | Pownal | | 38.9% | 1,781 | Sebago | | 37.8% | 1,921 | Parsonsfield | | 36.7% | 2,913 | Limerick | | 35.6% | 3,065 | Woolwich | | 34.4% | 2,700 | Shapleigh | | 34.4% | 1,587 | Baldwin | | 34.4% | 4,384 | Lyman | | 32.2% | 1,630 | Wales | | 31.1% | 440 | Arrowsic | | 31.1% | 2,231 | Phippsburg | | 30% | 1,568 | Newfield | | 28.9% | 1,045 | Georgetown | | 28.9% | 2,299 | Leeds | | 27.8% |
|
Comments